| 000 | 00417nam a2200169Ia 4500 | ||
|---|---|---|---|
| 008 | 210210b1922 xxu||||| |||| 00| 0 eng d | ||
| 041 | _aeng | ||
| 082 | _a590/159 | ||
| 100 | _aHYMAN (L H) | ||
| 245 | _aComparative vertebrate anatomy | ||
| 260 |
_aChicago _bThe University of Chicago Press _c1922 |
||
| 650 | _avertebrate | ||
| 650 | _aComparative | ||
| 650 | _aanatomy | ||
| 690 | _aZoology | ||
| 906 | _a010731 | ||
| 999 |
_c138517 _d138517 |
||